| 000 | 02590nam a2200325Ia 4500 | ||
|---|---|---|---|
| 005 | 20140806170456.0 | ||
| 008 | 130821s1998 xx g q mlspa d | ||
| 040 |
_aCO-BoUCM _bspa _cOscar Anaya (modificó) _d[Nuevo] |
||
| 041 | _aspa | ||
| 092 | _aDVD 0088 | ||
| 245 | 1 | 3 |
_aLa niña de tus ojos _cFernando Trueba, director _h[DVD] |
| 246 | 1 | 3 | _aThe Girl of your Dreams |
| 260 |
_a[Lugar desconocido] _bLolafilms _c1998 |
||
| 300 |
_a1 DVD, 121 minutos _bimagen, sonido, color |
||
| 500 | _aSINOPSIS : La Alemania nazi invita a un grupo de cineastas españoles cercanos al nuevo régimen a rodar la doble versión, alemana y española, del drama musical de ambiente andaluz "La niña de tus ojos", en los estudios de la UFA en Berlín. Felices por dejar atrás la guerra en su país, la reducida troupe de españoles capitaneada por el director Blas Fontiveros inicia su rodaje en el Berlín hitleriano. Pronto descubren que han escapado de una guerra para caer en otra, que la hospitalidad del ministro alemán de Propaganda Joseph Goebbels tiene mucho que ver con los encantos juveniles de la actriz Macarena Granada, y que los únicos extras con aspecto andaluz que se pueden encontrar en Alemania son gitanos de un campo de concentración | ||
| 508 | _aCRÉDITOS: Dirigida por Fernando Trueba ; escrita por David Trueba ; producida por Eduardo Campoy ; música por Antoine Duhamel ; fotografía por Javier Aguirresarobe ; diseño de producción por Juan Botella y Gerardo Vera ; dirección de arte por Jan Zeman ; vestuario por Sonia Grande y Lala Huete ; maquillaje por Jirí Farkas | ||
| 511 | 0 | _aREPARTO: Penélope Cruz, Antonio Resines, Jorge Sanz, Rosa Maria Sardà, Santiago Segura, Loles León, Jesús Bonilla, Neus Asensi, Miroslav Táborský | |
| 546 | _aAudio en español. Subtítulos en inglés | ||
| 586 | _aGanadora de siete premios Goya, 1999 (mejor película, actriz principal, actor revelación, diseño de vestuario, dirección de arte, maquillaje, dirección de producción) | ||
| 650 | 0 | 4 |
_aEntretenimiento _926487 |
| 650 | 0 | 4 |
_aGuerra en el cine _vDVD _916617 |
| 650 | 0 | 4 |
_aPelículas cinematográficas _zEspaña _vDVD _97903 |
| 700 | 1 |
_aTrueba, Fernando _edirector _963624 |
|
| 710 | 2 |
_aAntena 3 _963625 |
|
| 710 | 2 |
_aCreativos Asociados de Radio y Televisión (CARTEL) _963626 |
|
| 710 | 2 |
_aLolafilms _963627 |
|
| 765 | 0 | _aThe Girl of your Dreams | |
| 856 | 4 | 0 |
_uhttp://www.youtube.com/watch?v=PLg2RylcIWU _zSiga este enlace para ver el trailer _zTrailer tomado del canal filmotech vía YouTube.com |
| 942 |
_cMULTIMEDIA _2LOCAL _a11 _e1 _hDVD 0088 |
||
| 999 |
_c49682 _d49682 |
||